000 01046nac a22003377a 4500
001 BR8204811
003 BR-BrBNA
005 20240105115453.0
008 230509b bl.|||m| |||| 00| 0 por d
040 _aBR-BrBNA
_bpor
_cBiblioteca Nacional de Agricultura
072 _aF25; F22; F28
090 _aF25 BR8204811
100 1 _aVerdade, F. da C.
100 1 _aFeitosa, C.T.
100 1 _aPassos, I.R. da S.
100 1 _aLombardi, M.L.C. de O.
100 1 _aManfredini, S.
110 1 _aInstituto Agronomico, Campinas, SP (Brasil)
245 1 _aColetanea bibliografica da Divisao de Solos 1889-1978 [Bibliografia, Brasil]
260 3 _aCampinas, SP (Brasil):
_c1982.
300 _a74 p.
490 _aCircular - Instituto Agronomico (Brazil)
_vno. 115
_xISSN 0100-3402
650 _aFERTILIDADE DO SOLO
650 _aCONSERVACAO DO SOLO
650 _aQUIMICA DO SOLO
650 _aPEDOLOGIA
650 _aFOTOINTERPRETACAO
650 _aSOLO
909 _a202312
_bLúcia Elande
_c55
_dLúcia Elande
942 _2AGRIS
_n0
_cMS
999 _c274970
_d274970